| 000 | 01272aab a2200241 i 4500 | ||
|---|---|---|---|
| 001 | 768714001 | ||
| 003 | CO-MdFUSB | ||
| 005 | 20240703103029.0 | ||
| 008 | 240703t1991 sz ||||| |||| 00| 0 eng d | ||
| 040 |
_bspa _cCO-MdFUSB |
||
| 041 | _aeng | ||
| 100 | 1 |
_aChandran, J. Russell _eautor |
|
| 245 | 3 |
_aThe search for a just society _c/ J. Russell Chandran |
|
| 520 | _aAlgunas reflexiones sobre los cambios en Europa del Este y la Unión Soviética. Los tremendos cambios que tuvieron lugar en la Unión Soviética y en Europa del Este en un breve período de menos de dos años tomaron por sorpresa al mundo entero. Cuando Mikhael Gorbachev anunció su glasnost y perestroika para la Unión Soviética, nadie anticipó que daría como resultado este tipo de reformas de amplio alcance no sólo en la Unión Soviética sino también en los países comunistas de Europa del Este. | ||
| 546 | _aTexto en inglés. | ||
| 650 | 0 |
_aIglesia y problemas mundiales _9912 |
|
| 650 | 7 |
_aPolítica _92645 |
|
| 650 | 0 |
_aJusticia social _91851 |
|
| 650 | 7 |
_aAntropología cultural y social _96714 |
|
| 773 | 0 |
_tReformed World _049396 _959548 _gVolumen 41 (número 5, 1991) páginas: 146 - 154 _qpágina: 146 |
|
| 942 | _cANA | ||
| 945 | _aCatherine Arias Álvarez - Practicante SENA | ||
| 999 |
_c55285 _d55285 |
||